[Event "Mostoles op 8th"]
[Site "Mostoles"]
[Date "2015.07.18"]
[Round "3"]
[White "Lopez de Turiso, Jose Angel"]
[Black "Villarroya Rojo, Ruben"]
[Result "1-0"]
[WhiteElo "2051"]
[BlackElo "1604"]
[PlyCount "91"]
[EventDate "2015.07.16"]
[EventType "swiss"]
[EventRounds "9"]
[EventCountry "ESP"]
[SourceTitle "EXT 2016"]
[Source "ChessBase"]
[SourceDate "2015.10.08"]
[SourceVersion "1"]
[SourceVersionDate "2015.10.08"]
[SourceQuality "1"]

1. c4 c5 2. Nc3 Nf6 3. Nf3 b6 4. e4 d6 5. d4 cxd4 6. Nxd4 a6 7. f3 Nbd7 8. Be3 Bb7 9. Be2 e6 10. 0-0 Be7 11. Rc1 0-0 12. Qd2 Rc8 13. Rfd1 Qc7 14. Bf1 Rfe8 15. Qf2 Qb8 16. Kh1 Ba8 17. b3 d5 18. cxd5 exd5 19. Bxa6 Rcd8 20. exd5 Ba3 21. Rc2 Nxd5 22. Nxd5 Bxd5 23. Nb5 Bc5 24. Nd4 Nf6 25. Bb5 Re7 26. Nf5 Re5 27. Nd4 Rh5 28. h3 Ng4 29. fxg4 Rxh3+ 30. Kg1 Qh2+ 31. Kf1 Rg3 32. Nf3 Qh1+ 33. Qg1 Rxf3+ 34. gxf3 Qxf3+ 35. Ke1 Bb4+ 36. Rdd2 Qf6 37. Bd4 Qf3 38. Be2 Re8 39. Kd1 Qf4 40. Qf2 Qe4 41. Kc1 Bxd2+ 42. Rxd2 Rc8+ 43. Kb2 Qh1 44. Rd1 Qe4 45. Bd3 Qxg4 46. Rg1 1-0